Wisła czy Odra? - Statystyki

Ogólne statystyki
  • Ten quiz został rozwiązany 217 razy
    133 od ostatniego zresetowania
  • Średni wynik to 13 z 15
Statystyki odpowiedzi
Zagadnienie Odpowiedź % Poprawnych
Zaczyna płynąć w Polsce Wisła
100%
Płynie przez Wrocław Odra
98%
Przez długi odcinek wyznacza granice polsko-niemiecką Odra
98%
Płynie przez Kraków Wisła
98%
Płynie przez Gdańsk Wisła
98%
Płynie przez więcej krajów Odra
97%
Płynie przez Szczecin Odra
95%
Jest dłuższa Wisła
95%
Zaczyna płynąć w Czechach Odra
91%
Jej dorzeczem jest Warta Odra
84%
Jest większa powierzchniowo Wisła
81%
Kończy płynąć w Bałtyku Obie
79%
Zakwitły w niej złote algi w 2022 roku Odra
79%
Spłynęły do niej ścieki z oczyszczalni ścieków "Czajka" Wisła
60%
Jest średnio głębsza Wisła
57%
Nie znaleziono quizów pasujących do podanych kryteriów
Rozkład punktacji
Procent ludzi z każdym wynikiem
Percentyl według liczby udzielonych odpowiedzi
Twoja historia wyników
Nie rozwiązałeś tego quizu od ostatniego zresetowania